000 00594nam a2200229Ia 4500
003 OSt
005 20221005124303.0
006 a|||||r|||| 00| 0
007 ta
008 221004b |||||||| |||| 00| 0 eng d
024 _a20556
037 _cTextual
040 _aCRL
_cCRL
_beng
041 _2eng
_aeng
082 _aV1:19:N6, K1
245 0 _aModern World
_b Annual review for international relations and political science; 1960/61
260 _c1961
300 _a133
_ccm.
650 _aHISTORY
942 _hV1:19:N6, K1
_cTEXL
_2cc
999 _c1050014
_d1050014